Statistics for Towns that have "Funny" Names

Click here to take the quiz!

General Stats

  • This quiz has been taken 5 times
  • The average score is 2 of 46

Answer Stats

Answer% Correct
Toad Suck
67%
Boring
33%
Fart
33%
Okay
33%
Why
33%
Bacon
0%
Bat Man
0%
Bear
0%
Bear Bottle Crossing
0%
Beaver Dam
0%
Bee Lick
0%
Berry Head
0%
Best
0%
Bigfoot
0%
Big Rock Candy Mountain
0%
Bulls
0%
Buttermilk
0%
cheesequake
0%
Chicken
0%
Dinosaur
0%
Disappointment Island
0%
Dish
0%
Dull
0%
Eek
0%
Ham Lake
0%
Happyland
0%
Hell
0%
Horsehead
0%
Kill
0%
Kissing
0%
Lick Fork
0%
Lost
0%
Monkey's Eyebrow
0%
No Name
0%
North Pole
0%
Parrot
0%
Pie Town
0%
Plain City
0%
Sandwhich
0%
Smileyburg
0%
Squirrel Hill
0%
Sugar City
0%
Two Egg
0%
Westward ho!
0%
Yum Yum
0%
Zig Zag
0%

Score Distribution

Percentile by Number Answered

Percent of People with Each Score

Your Score History

You have not taken this quiz